Datum a čas kvízu
28.5
Celkem bodů
Celkový počet nahraných bodů na tomto kvízu bez doplňovacích otázek.
3.
Pořadí na kvízu
Konečné umístění týmu na tomto kvízu.
Zaznamenané odpovědi
| # | Otázka | Odpověď | Body | Výsledky |
|---|---|---|---|---|
| 1. | V médiích se minulý týden hojn... | Michal Hašek | 1 | |
| 2. | Italské letovisko, které je ob... | Bibione | 1 | |
| 3. | V Křižíkově pavilonu v pražský... | Pixar | 0 | |
| 4. | Společnost Coca-Cola přichází... | pomerančová | 0 | |
| 5. | Obhájkyně Fed Cupu, české teni... | Kanada | 0 | |
| 6. | Dlouhé názvy filmů byly v módě... | v neděli ráno | 1 | |
| 5. | Doplňte dvě slova do názvu fil... | v Belgii | 0 | |
| 5. | V roce 1981 natočil režisér Mi... | Matěji, proč | 1 | |
| 5. | Kultovní režisér Woody Allen v... | báli jste se zeptat | 1 | |
| 5. | Volné pokračování úspěšné sati... | to se počítá, pánové... | 0.5 |